Gaming Quiz

Random Gaming or Video Games Quiz

Minecraft: Things You Can Make With Iron Quiz Stats

 Plays Quiz Updated Aug 20, 2018

Score 0/29 Timer 08:00
1 Play Today
% Correct
Sword
91.3%
Pickaxe
86.4%
Axe
83.5%
Shovel
82.5%
Helmet
78.5%
Boots
76.7%
Hoe
76%
Leggings
74.6%
Chestplate
74.4%
Block of Iron
72.4%
Detector Rail
60.8%
Activator Rail
60.7%
Rail
60.7%
Bucket
57.3%
Minecart
55.5%
% Correct
Door
54.5%
Anvil
45.8%
Compass
44%
Piston
42.4%
Flint and Steel
42.2%
Weighted Pressure Plate
39%
Iron Bars
36.1%
Shears
33.8%
Cauldron
31.5%
Trapdoor
29.6%
Hopper
29.4%
Shield
25.3%
Tripwire Hook
22.5%
Nether Reactor Core
7.8%

You're not logged in!

Compare scores with friends on all Sporcle quizzes.
OR
Log In

You Might Also Like...

Show Comments

Extras

Top Quizzes Today


Score Distribution

Your Account Isn't Verified!

In order to create a playlist on Sporcle, you need to verify the email address you used during registration. Go to your Sporcle Settings to finish the process.

Report this User

Report this user for behavior that violates our Community Guidelines.

Details: